|
|
|
|
| LEADER |
00000nam a22000007a 4500 |
| 005 |
20110926115033.0 |
| 008 |
110926s2011 mx |||||s|||| 00||0 spa d |
| 035 |
|
|
|a 5695
|
| 040 |
|
|
|a vLex
|
| 090 |
|
|
|c 2575
|d 2575
|
| 245 |
0 |
0 |
|a Estudios Especiales de la Secretaria General CISS
|h [Recurso electrn̤ico]
|
| 256 |
|
|
|a Servicio en ln̕ea.
|
| 260 |
|
|
|a [Mx̌ico] :
|b Conferencia Interamericana de Seguridad Social (CISS),
|c 2011.
|
| 300 |
|
|
|a 1 recurso electrn̤ico
|
| 506 |
1 |
|
|a Contenido solo disponible en los productos indicados
|d vLex Global
|d vLex Global (Academic Edition, excluding Law Schools)
|d vLex Global (U.S. Academic Edition, Law Schools)
|d vLex Global (U.S. Academic Edition, excluding Law Schools)
|d vLex Global (Academic Edition, Law Schools)
|
| 650 |
0 |
4 |
|a Seguridad social
|z Amřica Latina
|
| 710 |
2 |
|
|a Conferencia Interamericana de Seguridad Social (CISS)
|
| 740 |
0 |
|
|a vLex Libros (Servicio en ln̕ea)
|
| 856 |
4 |
0 |
|u http://vlex.com/source/estudios-especiales-secretaria-general-ciss-5695
|z Acceso restringido
|
| 942 |
|
|
|c BOOK
|